[Event "Stockholm op (Women)"]
[Site "Stockholm"]
[Date "1998.08.07"]
[Round "7"]
[White "Berg, Susanne"]
[Black "Stasiunaite, Lina"]
[Result "0-1"]
[WhiteElo "2080"]
[BlackElo "2145"]

1.e4 c5 2.Nf3 Nc6 3.Bb5 e6 4.Bxc6 bxc6 5.O-O d5 6.d3 Nf6 7.e5 Nd7 8.Re1 Be7
9.Nbd2 O-O 10.Nf1 Ba6 11.h3 Rb8 12.Rb1 c4 13.d4 c3 14.b3 c5 15.dxc5 Nxc5
16.Nd4 Qc7 17.Ng3 Rfc8 18.Qg4 Bf8 19.Ba3 Kh8 20.Nh5 Qa5 21.Bxc5 Qxc5 22.Nf3 Rb4
23.Qg3 h6 24.a3 Re4 25.b4 Qc4 26.Red1 Bb5 27.Ne1 Qf1+ 28.Kh2 Be2 29.f3 Bxd1
30.Rxd1 Re2 31.Ra1 Qf2 32.Qxf2 Rxf2 33.Rc1 Rd2 34.Ng3 Be7 35.Nd3 Bg5 36.f4 Rxd3
37.cxd3 Bxf4 38.Rc2 Bxe5 39.h4 a5 40.Kh3 axb4 41.axb4 Rb8 42.Ne2 d4  0-1

[Event "MK Cafe Cup-A"]
[Site "Koszalin"]
[Date "1998.08.08"]
[Round "6"]
[White "Kengis, Edvins"]
[Black "Berelovich, Aleksandar"]
[Result "1-0"]
[WhiteElo "2570"]
[BlackElo "2495"]

1.Nf3 c5 2.e4 Nc6 3.Bb5 e6 4.O-O Nge7 5.c3 a6 6.Ba4 b5 7.Bc2 d5 8.e5 d4 9.Be4 Bb7
10.cxd4 cxd4 11.a4 Qb6 12.axb5 axb5 13.Rxa8+ Bxa8 14.d3 Ng6 15.h4 Be7 16.h5 Nf8
17.h6 g6 18.Bg5 Bxg5 19.Nxg5 Nd7 20.f4 O-O 21.Nd2 Ne7 22.Qf3 Bxe4 23.Ndxe4 Nf5
24.Rc1 Qd8 25.Rc6 Qa5 26.Kh2 Qd8 27.Qh3 Qb8 28.Nd6 Nb6 29.Nxf5 exf5 30.Qf3 Rc8
31.Rf6 Rc7 32.e6  1-0

[Event "Stockholm2"]
[Site "Stockholm"]
[Date "1998.08.08"]
[Round "8"]
[White "Fries Nielsen, Jens Ove"]
[Black "Bator, Robert"]
[Result "0-1"]
[WhiteElo "2420"]
[BlackElo "2410"]

1.e4 c5 2.Nf3 Nc6 3.Bb5 g6 4.O-O Bg7 5.Bxc6 dxc6 6.d3 Nf6 7.h3 Nd7 8.Nc3 e5
9.Be3 Qe7 10.Qd2 Nf8 11.Bh6 f6 12.Ne2 Bxh6 13.Qxh6 Be6 14.a3 g5 15.b4 Ng6
16.bxc5 O-O-O 17.Rab1 Rd7 18.Rfc1 Qxc5 19.a4 Kb8 20.Nh2 Qa5 21.Ra1 Qd2 22.Ng3 Rf7
23.Qh5 g4 24.Nhf1 Qg5 25.Ne2 gxh3 26.g4 Rg8 27.Nfg3 Qd2 28.Rd1 Qxc2 29.Rac1 Qb2
30.Rb1 Qa3 31.Nf5 Rd7 32.Qxh3 Bxf5 33.exf5 Nf4 34.Nxf4 exf4 35.Qf3 Qxa4 36.d4 Rxd4
37.Rxd4 Qxd4 38.Rxb7+ Kxb7 39.Qb3+ Ka6 40.Qxg8 Qd1+ 41.Kh2 Qd4 42.Qa2+ Kb5
43.Qe2+ Kb6 44.Kh3 a5 45.g5 fxg5 46.Kg4 f3+  0-1

[Event "MK Cafe Cup-A"]
[Site "Koszalin"]
[Date "1998.08.09"]
[Round "7"]
[White "Rozentalis, Eduardas"]
[Black "Rogozenko, Dorin"]
[Result "1/2-1/2"]
[WhiteElo "2575"]
[BlackElo "2435"]

1.e4 c5 2.Nf3 Nc6 3.Bb5 g6 4.O-O Bg7 5.Re1 e5 6.c3 Nge7 7.Na3 O-O 8.Nc2 d5
9.d3 d4 10.cxd4 cxd4 11.Bd2 a6 12.Ba4 b5 13.Bb3 Na5 14.Bxa5 Qxa5 15.a4 bxa4
16.Rxa4 Qb6 17.Nd2 Bd7 18.Ra3 Rfb8 19.Qa1 Bf8 20.Qa2 Nc6 21.Bxf7+ Kg7 22.Nc4 Qb5
23.Bd5 Bxa3 24.Qxa3 Ra7 25.Bxc6 Bxc6 26.Qd6 Rd7 27.Qe6 Rc7 28.Qd6 Rd7 29.Qxe5+ Qxe5
30.Nxe5 Rd6 31.Nxd4 Bb5 32.Nef3 Bxd3 33.e5 Rdb6 34.b3 Bf5 35.h3 Be6 36.Nxe6+ Rxe6
37.Rc1  1/2-1/2

[Event "MK Cafe Cup-A"]
[Site "Koszalin"]
[Date "1998.08.09"]
[Round "7"]
[White "Prokopchuk, Evgeny"]
[Black "Pyda, Zbigniew"]
[Result "1-0"]
[WhiteElo "2495"]
[BlackElo "2405"]

1.e4 c5 2.Nf3 Nc6 3.Bb5 g6 4.Bxc6 dxc6 5.d3 Bg7 6.h3 e5 7.Be3 b6 8.Nbd2 f6
9.a4 a5 10.Nc4 Nh6 11.O-O O-O 12.b4 axb4 13.Qd2 Nf7 14.a5 bxa5 15.Bxc5 Bh6
16.Qe2 Re8 17.Bxb4 Bxh3 18.Bxa5 Qd7 19.Nh2 Bf4 20.Nb6 Qe6 21.Nxa8 Rxa8 22.Bd2 Rxa1
23.Rxa1 Ng5 24.Bxf4 exf4 25.gxh3 f3 26.Nxf3 Nxh3+ 27.Kh1 Nf4 28.Qf1 Qg4 29.Nh2 Qh4
30.Qg1 Nh3 31.Qg3 Qh5 32.Ra8+ Kg7 33.Ra7+ Kh6 34.f3  1-0

[Event "MK Cafe Cup-A"]
[Site "Koszalin"]
[Date "1998.08.11"]
[Round "9"]
[White "Kveinys, Aloyzas"]
[Black "Van der Wiel, John TH"]
[Result "1/2-1/2"]
[WhiteElo "2545"]
[BlackElo "2520"]

1.e4 c5 2.Nf3 Nc6 3.Bb5 g6 4.O-O Bg7 5.c3 Nf6 6.Re1 O-O 7.d4 d5 8.e5 Ne4
9.Bxc6 bxc6 10.Nbd2 cxd4 11.cxd4 c5 12.dxc5 Nxc5 13.Nb3 Nxb3 14.Qxb3 Re8
15.Qb4 a5 16.Qh4 Rb8 17.Nd4 Qb6 18.b3 Bd7 19.Bd2 h6 20.Nf3 g5  1/2-1/2

[Event "Wch (Women) U26"]
[Site "Rotterdam"]
[Date "1998.08.11"]
[Round "1"]
[White "Kovalevskaya, Ekaterina"]
[Black "Kalinina, Vladislava"]
[Result "1/2-1/2"]
[WhiteElo "2480"]
[BlackElo "2165"]

1.e4 c5 2.Nf3 Nc6 3.Bb5 g6 4.O-O Bg7 5.c3 Nf6 6.e5 Nd5 7.d4 cxd4 8.cxd4 O-O
9.Nc3 Nxc3 10.bxc3 d6 11.exd6 exd6 12.Re1 Bf5 13.Qa4 Qc7 14.Bf4 a6 15.Bxc6 bxc6
16.Nd2 Rfd8 17.Ne4 h6 18.h4 Bxe4 19.Rxe4 c5 20.Rae1 cxd4 21.cxd4 Qb6 22.d5 Qc5
23.Qc6 Rac8 24.Re8+ Kh7 25.Qxc5 dxc5 26.Rxd8 Rxd8 27.d6 g5 28.hxg5 hxg5 29.Bg3 f5
30.Be5 Bxe5 31.Rxe5 Kg6 32.Re6+  1/2-1/2

[Event "Wch (Men) U26"]
[Site "Rotterdam"]
[Date "1998.08.12"]
[Round "2"]
[White "Dgebuadze, Alexandre"]
[Black "Lemmers, Oscar"]
[Result "1-0"]
[WhiteElo "2505"]
[BlackElo "2380"]

1.e4 c5 2.Nf3 Nc6 3.Bb5 g6 4.O-O Bg7 5.c3 Nf6 6.Re1 O-O 7.h3 e5 8.Na3 Re8
9.d4 cxd4 10.cxd4 Nxd4 11.Nxd4 exd4 12.e5 Nd5 13.Qxd4 Ne7 14.Bg5 Nc6 15.Qf4 Qa5
16.Nc4 Qb4 17.a3 Qf8 18.Ba4 d5 19.exd6 Be6 20.Bxc6 bxc6 21.Be7 Bh6 22.Qh4 Qg7
23.Ne5 g5 24.Qh5 f5 25.Ng4 fxg4 26.Rxe6 Qxb2 27.Rae1 Bg7 28.d7  1-0

[Event "AZ Sanace Cup"]
[Site "Olomouc"]
[Date "1998.08.13"]
[Round "6"]
[White "Manik, Mikulas"]
[Black "Babula, Vlastimil"]
[Result "1/2-1/2"]
[WhiteElo "2455"]
[BlackElo "2575"]

1.e4 c5 2.Nf3 Nc6 3.Bb5 d6 4.O-O Bd7 5.c3 Nf6 6.Re1 a6 7.Ba4 c4 8.Bc2 Bg4
9.b3 cxb3 10.axb3 e6 11.d4 Be7 12.Nbd2 O-O 13.Bb2 b5 14.c4 bxc4 15.bxc4 Nd7
16.h3 Bh5 17.Ba4 Qc7 18.Qc2 Nb4  1/2-1/2

[Event "Wch (Men) U26"]
[Site "Rotterdam"]
[Date "1998.08.14"]
[Round "4"]
[White "Kroeze, Frank M"]
[Black "Banikas, Hristos"]
[Result "0-1"]
[WhiteElo "2390"]
[BlackElo "2490"]

1.e4 c5 2.Nf3 Nc6 3.Bb5 d6 4.d4 cxd4 5.Qxd4 Bd7 6.Bxc6 Bxc6 7.Nc3 Nf6 8.Bg5 e6
9.O-O-O Be7 10.Rhe1 O-O 11.Qd2 Qa5 12.Kb1 Qa6 13.Nd4 Rfc8 14.f3 b5 15.g4 b4
16.Nce2 Be8 17.h4 Qb7 18.Ng3 a5 19.Rg1 b3 20.cxb3 a4 21.Nh5 axb3 22.a3 Nxe4
23.fxe4 f6 24.Be3 Qxe4+ 25.Qd3 Qxd3+ 26.Rxd3 Bg6 27.Rd1 Kf7 28.Nxb3 Ra4 29.Nd4 Bxd3+
30.Rxd3 g6 31.Ng3 e5 32.Nb5 Rxg4 33.Ne2 Rxh4 34.Nxd6+ Bxd6 35.Rxd6 Re4 36.Rd3 h5
37.Nc3 Rg4 38.a4 h4 39.a5 h3 40.Rd7+ Kg8 41.a6 Rd4 42.Nd5 Kh8 43.Bg1 Rd1+
44.Ka2 Ra8 45.a7 g5 46.Kb3 Rxa7 47.Bxa7 h2 48.Rd8+ Kg7 49.Rd7+ Kh6 50.Rd8 h1=Q
51.Rh8+ Kg6 52.Rxh1 Rxh1 53.Kc2 g4 54.Ne3 g3 55.Kd3 Rh2 56.Nf1 Rxb2  0-1

[Event "ESP-ch"]
[Site "Linares"]
[Date "1998.08.15"]
[Round "4"]
[White "Magem Badals, Jorge"]
[Black "Granero Roca, Antonio"]
[Result "1-0"]
[WhiteElo "2540"]
[BlackElo "2370"]

1.e4 c5 2.Nf3 Nc6 3.Bb5 g6 4.c3 Bg7 5.d4 Qb6 6.a4 a6 7.dxc5 Qxc5 8.Be3 Qh5
9.Be2 Qa5 10.Nbd2 Nf6 11.Nc4 Qc7 12.Nb6 Rb8 13.Nd5 Nxd5 14.exd5 Na5 15.O-O Nc4
16.Ba7 Ra8 17.Bd4 Ne5 18.Nd2 f6 19.f4 Nf7 20.Qb3 O-O 21.Bb6 Qb8 22.Rae1 d6
23.Bd3 Re8 24.Nf3 Bd7 25.a5 Qc8 26.Nd4 f5 27.Ne6 Bxe6 28.Rxe6 Nd8 29.Re2 Bf6
30.Rfe1 h6 31.g3 Kg7 32.Qa4 Nf7 33.Re6 h5 34.Bc2 h4 35.Qb4 hxg3 36.hxg3 Rh8
37.Bd4 Rh3 38.Rxe7 Qh8 39.Bxf6+ Kxf6 40.Rxf7+  1-0

[Event "FRA-ch"]
[Site "Meribel"]
[Date "1998.08.15"]
[Round "2"]
[White "Bauer, Christian"]
[Black "Degraeve, Jean Marc"]
[Result "0-1"]
[WhiteElo "2490"]
[BlackElo "2580"]

1.e4 c5 2.Nf3 Nc6 3.Bb5 d6 4.c3 Nf6 5.Qe2 Bg4 6.h3 Bxf3 7.Qxf3 Qb6 8.Na3 e6
9.Qe2 a6 10.Ba4 Qc7 11.O-O Be7 12.d3 O-O 13.Bxc6 Qxc6 14.Bg5 h6 15.Bh4 Rfe8
16.Rfe1 b5 17.Nc2 Nd7 18.Bxe7 Rxe7 19.f4 Nb6 20.Qf3 f5 21.Qg3 Rf8 22.exf5 Rxf5
23.Ne3 Rf8 24.Re2 Kh7 25.Rf1 Ref7 26.Ref2 Nd5 27.a3 Ne7 28.Qg4 Qd7 29.Qe2 Kh8
30.Kh2 Nf5 31.Nxf5 Rxf5 32.g4 R5f6 33.Kg3 Qc7 34.h4 Qf7 35.Qe4 h5 36.g5 Rf5
37.Re1 Re5 38.Qh1 Qf5 39.Rxe5 Qg4+ 40.Kh2 dxe5 41.Qc6 Qxh4+ 42.Kg2 exf4 43.Qxc5 f3+
44.Rxf3 Qg4+ 45.Rg3 Qe2+  0-1

[Event "Wch (Men) U26"]
[Site "Rotterdam"]
[Date "1998.08.16"]
[Round "5"]
[White "Markowski, Damian"]
[Black "Gal, Jozsef"]
[Result "1/2-1/2"]
[WhiteElo "2315"]
[BlackElo "2255"]

1.e4 c5 2.Nf3 Nc6 3.Bb5 g6 4.O-O Bg7 5.c3 Nf6 6.Re1 O-O 7.d4 cxd4 8.cxd4 d5
9.e5 Ne4 10.Nc3 Nxc3 11.bxc3 Qa5 12.a4 Bg4 13.Bd2 Bxf3 14.Qxf3 Nxd4 15.cxd4 Qxd2
16.Red1 Qa5 17.Qxd5 a6 18.Bc6 Qxd5 19.Bxd5 Rfd8 20.Be4 Rd7 21.Rd3 f5 22.exf6 Bxf6
23.Rb1 Rc8 24.g3 Rcc7 25.Kg2 Kg7 26.a5 Bxd4 27.Rxb7 Rxb7 28.Bxb7  1/2-1/2

[Event "Wch (Men) U26"]
[Site "Rotterdam"]
[Date "1998.08.17"]
[Round "6"]
[White "Zubarev, Alexander"]
[Black "Mchedlishvili, Mikheil"]
[Result "0-1"]
[WhiteElo "2360"]
[BlackElo "2390"]

1.e4 c5 2.Nf3 Nc6 3.Bb5 g6 4.O-O Bg7 5.Bxc6 dxc6 6.d3 e5 7.Be3 b6 8.a3 f6
9.Nbd2 Nh6 10.Nc4 Be6 11.Qc1 Nf7 12.b4 cxb4 13.axb4 f5 14.Nb2 f4 15.Bd2 g5
16.Kh1 g4 17.Ng1 O-O 18.Qe1 Qh4 19.d4 Qh5 20.Ra3 Rad8 21.Ne2 Ng5 22.dxe5 Bxe5
23.Nxf4 Bxf4 24.Bxf4 Rxf4 25.Rxa7 Rf6 26.Qe3 Rh6 27.Qf4 Rf8 28.Qc7 Bf7 29.Re1 Qh4
30.Nd3 Ne6 31.Qg3 Qxg3 32.fxg3 Rf6 33.Ne5 Be8 34.Kg1 Nd4 35.h3 Nxc2 36.Rc1 Nxb4
37.Nxg4 Re6 38.e5 Nd5 39.Re1 b5 40.Nf2 Re7 41.Ra6 Nb4  0-1

[Event "Hampstead GM3"]
[Site "Hampstead"]
[Date "1998.08.18"]
[Round "8"]
[White "Plaskett, Jim"]
[Black "Burnett, Ronald"]
[Result "1/2-1/2"]
[WhiteElo "2455"]
[BlackElo "2395"]

1.e4 c5 2.Nf3 Nc6 3.Bb5 g6 4.O-O Bg7 5.Re1 e5 6.Bxc6 dxc6 7.d3 f6 8.c3 Nh6
9.h3 Nf7 10.Be3 b6 11.d4 cxd4 12.cxd4 O-O 13.Nc3 exd4 14.Nxd4 Qe8 15.b4 Bd7
16.Qb3 Kh8 17.Rad1 Nd8 18.Bf4 Ne6 19.Nxe6 Bxe6 20.Qa4 Qf7 21.Rd6 Rfc8 22.Red1 Bf8
23.R6d3 a5 24.Bd6 b5 25.Qa3 Bc4 26.Bxf8 Qxf8 27.Rd6 axb4 28.Qxb4 c5 29.Qb2 b4
30.Na4 Rd8 31.e5 Rxd6 32.Rxd6 Rxa4 33.Rxf6 Qg7 34.Qc2 b3 35.axb3 Ra1+ 36.Kh2 Bg8
37.Qxc5 Bxb3 38.Qc3 Rb1 39.Rb6 Ba2 40.Rxb1 Bxb1 41.Qa5 Qf7 42.e6 Qf4+  1/2-1/2

[Event "ESP-ch"]
[Site "Linares"]
[Date "1998.08.18"]
[Round "7"]
[White "Bravo, Narciso"]
[Black "Garcia Luengo, Leandro"]
[Result "1-0"]
[WhiteElo "2265"]
[BlackElo "2160"]

1.e4 c5 2.Nf3 Nc6 3.Bb5 e6 4.O-O Nge7 5.Re1 a6 6.Bf1 d5 7.exd5 Nxd5 8.d4 cxd4
9.Nxd4 Bc5 10.Nxc6 Qf6 11.Qe2 bxc6 12.Nd2 Nf4 13.Qf3 Nd5 14.Qxf6 Nxf6 15.Nb3 Bd6
16.Rd1 Ke7 17.Be3 Rd8 18.Na5 Kd7 19.Nc4 Ke7 20.Nxd6 Rxd6 21.Bc5 Ne8  1-0

[Event "Wch (Women) U26"]
[Site "Rotterdam"]
[Date "1998.08.18"]
[Round "7"]
[White "Segal, Anna"]
[Black "Wang Lei"]
[Result "0-1"]
[WhiteElo "2245"]
[BlackElo "2445"]

1.e4 c5 2.Nf3 Nc6 3.Bb5 d6 4.Nc3 Bd7 5.Bxc6 Bxc6 6.d4 cxd4 7.Qxd4 Nf6 8.O-O e5
9.Qd3 h6 10.a4 Be7 11.Re1 O-O 12.b3 Rc8 13.Nb5 a6 14.Na7 Bxe4 15.Rxe4 Ra8
16.Be3 Nxe4 17.Qxe4 d5 18.Qg4 f5 19.Qh3 Qd6 20.Rd1 f4 21.Bc5 Qxc5 22.Qe6+ Kh7
23.Rxd5 Qxc2 24.h4 Bc5 25.Rxe5 Rae8  0-1

[Event "Wch (Men) U26"]
[Site "Rotterdam"]
[Date "1998.08.18"]
[Round "7"]
[White "Markowski, Damian"]
[Black "Strijbos, Maarten"]
[Result "1-0"]
[WhiteElo "2315"]
[BlackElo "2250"]

1.e4 c5 2.Nf3 Nc6 3.Bb5 g6 4.O-O Bg7 5.c3 Nf6 6.Re1 O-O 7.d4 d5 8.exd5 Qxd5
9.Qa4 cxd4 10.cxd4 Bg4 11.Nc3 Qd6 12.Bxc6 bxc6 13.Ne5 Bd7 14.Bg5 Be8 15.Bxf6 Bxf6
16.Ne4 c5 17.Qc2 Qxd4 18.Nxf6+ exf6 19.Rad1 Qa4 20.b3 Qa6 21.Nc4 Bc6 22.Rd6 Rae8
23.Red1 Qb7 24.Ne3 f5 25.Qxc5 Rc8 26.Qd4 Qe7 27.h4 Be4 28.Rd7 Qe6 29.f3 Ba8
30.h5 Rfe8 31.Nc4 gxh5 32.Rd6 Qe7 33.Qf4 Rc5 34.Rh6 Rc6 35.Rdd6 Rxd6 36.Rxd6 h4
37.Rh6 Qe1+ 38.Kh2 Qg3+ 39.Qxg3+ hxg3+ 40.Kxg3 Re6 41.Rxe6 fxe6 42.Kf4 Kf7
43.Ke5 h5 44.Nd6+ Ke7 45.Nb5 h4 46.Nd4 Kd7 47.Nxe6 h3 48.gxh3 Bxf3 49.Nd4 Be4
50.Nxf5 Bb1 51.a3 Kc6 52.h4 Ba2 53.Nd4+  1-0

[Event "Wch (Men) U26"]
[Site "Rotterdam"]
[Date "1998.08.19"]
[Round "8"]
[White "Ovetchkin, Roman"]
[Black "Mchedlishvili, Mikheil"]
[Result "1/2-1/2"]
[WhiteElo "2485"]
[BlackElo "2390"]

1.e4 c5 2.Nf3 Nc6 3.Bb5 g6 4.Bxc6 dxc6 5.d3 Bg7 6.h3 Nf6 7.Nc3 O-O 8.Be3 b6
9.Qd2 Re8 10.O-O Nd7 11.Nh2 Nf8 12.f4 f5 13.exf5 gxf5 14.Nf3 Be6 15.Rae1 Bd5
16.Ne5 Ng6 17.Bf2 Qd6 18.Bg3 Rad8 19.Re2 Bf7 20.Qe3 Qd4 21.Nd1 Nxe5 22.fxe5 Bh5
23.Qxd4 cxd4 24.Rd2 e6 25.c4 dxc3 26.bxc3 Bxd1 27.Rfxd1 c5 28.Bf4 Rd5 29.c4 Rd4
30.Be3 Rd7 31.Bf4 Rd4 32.g3 h5 33.h4 Kh7 34.Be3 Rd7 35.Bf4  1/2-1/2

[Event "FRA-ch"]
[Site "Meribel"]
[Date "1998.08.20"]
[Round "7"]
[White "Fressinet, Laurent"]
[Black "Kouatly, Bachar"]
[Result "1-0"]
[WhiteElo "2455"]
[BlackElo "2495"]

1.e4 c5 2.Nf3 Nc6 3.Bb5 e6 4.O-O Nge7 5.Nc3 Ng6 6.d4 cxd4 7.Nxd4 Qc7 8.Be3 Bd6
9.g3 a6 10.Be2 Be7 11.f4 O-O 12.a4 Na5 13.h4 h6 14.h5 Nh8 15.Qd3 b6 16.Rab1 Bb7
17.b4 Nc6 18.Nxc6 Bxc6 19.Rfd1 Rfd8 20.Qd4 f5 21.exf5 Bb7 22.fxe6 d5 23.Rb3 Rd6
24.Bf3 Bf6 25.Qd3 d4 26.Ne4 Bxe4 27.Qxe4 Re8 28.Bf2 Rdxe6 29.Qd3 Nf7 30.Rbb1 Kh8
31.Re1 Rxe1+ 32.Rxe1 Rd8 33.Re2 Nd6 34.Kg2 b5 35.axb5 axb5 36.Qg6 Qc4 37.g4 d3
38.cxd3 Qxf4 39.Bg3  1-0

[Event "Wch (Women) U26"]
[Site "Rotterdam"]
[Date "1998.08.20"]
[Round "9"]
[White "Kovalevskaya, Ekaterina"]
[Black "Botsari Miladinovic, Anna Maria"]
[Result "1-0"]
[WhiteElo "2480"]
[BlackElo "2300"]

1.e4 c5 2.Nf3 Nc6 3.Bb5 g6 4.Bxc6 dxc6 5.d3 Bg4 6.h3 Bxf3 7.Qxf3 e5 8.O-O Nf6
9.Nd2 Bg7 10.Nc4 Qe7 11.Bg5 h6 12.Be3 O-O 13.a3 a5 14.a4 Ra6 15.Qe2 Rd8 16.Ra3 b6
17.g3 Qe6 18.Kg2 b5 19.axb5 cxb5 20.Nxa5 b4 21.Raa1 Rda8 22.Nb3 Rxa1 23.Rxa1 Rxa1
24.Nxa1 Qa6 25.Nb3 Nxe4 26.f3 Nf6 27.Bxc5 Nd5 28.Qe4 Qc6 29.Bf2 h5 30.Qc4 Qa8
31.h4 Bh6 32.Qe4 Qc6 33.Nc5 Bf8 34.Qc4 f5 35.Qa6 Qxa6 36.Nxa6 Kf7 37.Nc5 Bg7
38.Na4 Ke6 39.c4 bxc3 40.bxc3 Bh6 41.Kf1 g5 42.c4 Nb4 43.Nc5+ Kd6 44.hxg5 Bxg5
45.g4 hxg4 46.fxg4 Be7 47.gxf5 Kc6 48.f6 Bxf6 49.Ke2 Bd8 50.Ne4 Kd7 51.Be1 Nc6
52.Bc3 Ke6 53.Kf3 Be7 54.Ng3 Nd8 55.Kg4 Nf7 56.Bd2 Nd8 57.Kf3 Nb7 58.Be3 Bf8
59.Ne4 Kf5 60.Bb6 Be7 61.c5 Nd8 62.Bxd8 Bxd8 63.Nd6+ Ke6 64.Ke4 Be7 65.Nb7 Bf8
66.c6 Bb4 67.Ke3 Be1 68.Ke2 Bh4 69.Kd2 Bf2 70.Kc3 Bb6 71.Kc4 Bc7 72.Nc5+ Kd6
73.Na6 Bb6 74.Kb5 Bf2 75.Nc5 Be3 76.Kb6 Bxc5+ 77.Kb7 Kd5 78.c7 Kd4 79.c8=Q Kxd3
80.Qxc5  1-0

[Event "Hampstead GM3"]
[Site "Hampstead"]
[Date "1998.08.21"]
[Round "11"]
[White "Kaufman, Larry C"]
[Black "Kreiman, Boris"]
[Result "1/2-1/2"]
[WhiteElo "2400"]
[BlackElo "2455"]

1.e4 c5 2.Nf3 Nc6 3.Bb5 e6 4.O-O Nge7 5.c3 a6 6.Be2 d5 7.exd5 Nxd5 8.d4 Be7
9.c4 Nf6 10.dxc5 Qxd1 11.Rxd1 Bxc5 12.Nc3 Bd7 13.Bf4 Rc8 14.a3 Nh5 15.Bd2 Nf6
16.b4 Be7 17.Bf4 Nh5 18.Be3 Nf6 19.Ra2 O-O 20.Rad2 Be8 21.Bb6 Ng4 22.Ne4 Nce5
23.Nxe5 Nxe5 24.Bc5 Bxc5 25.Nxc5 b6 26.Nxa6 Nxc4 27.Bxc4 Rxc4 28.Rd6 Ba4
29.Ra1 Rfc8 30.h3 R4c6 31.Rxc6 Bxc6 32.b5 Bxb5 33.Nb4 Rc4 34.Rd1 Rc8 35.Rd6 Rb8
36.Nc6 Bxc6 37.Rxc6 g5 38.a4 Rb7 39.Rc4 Rd7 40.h4 gxh4 41.Rg4+ Kf8 42.Rxh4 f5
43.Rb4 Rd6 44.Rb5 Kf7 45.a5 bxa5 46.Rxa5 Rd7 47.g3 Kf6 48.f4 Rd2 49.Ra7 Kg6
50.Re7 Rd6 51.Kg2 h6 52.Kh3 Ra6 53.Kh4 Kf6 54.Rh7 Ra1 55.Rxh6+ Ke7 56.Kg5 Rg1
57.Rh7+ Kd6 58.Rh3 Kd5 59.Kf6 Rg2 60.Rh1 Rxg3 61.Re1 Rg4 62.Re5+ Kd4 63.Kxe6 Rxf4
64.Rxf5 Re4+  1/2-1/2

[Event "Hampstead GM3"]
[Site "Hampstead"]
[Date "1998.08.23"]
[Round "13"]
[White "Dunnington, Angus J"]
[Black "McDonald, Neil R"]
[Result "1/2-1/2"]
[WhiteElo "2365"]
[BlackElo "2490"]

1.e4 c5 2.Nf3 Nc6 3.Bb5 d6 4.Bxc6+ bxc6 5.O-O e5 6.c3 Nf6 7.Re1 Be7 8.d4 cxd4
9.cxd4 Qc7 10.b3 Bg4 11.Bb2 exd4 12.Bxd4 O-O 13.Nbd2 Rfe8 14.Qc2  1/2-1/2

[Event "FRA-ch"]
[Site "Meribel"]
[Date "1998.08.23"]
[Round "10"]
[White "Miralles, Gilles"]
[Black "Kouatly, Bachar"]
[Result "1/2-1/2"]
[WhiteElo "2515"]
[BlackElo "2495"]

1.e4 c5 2.Nf3 Nc6 3.Bb5 e6 4.O-O Nge7 5.Nc3 Ng6 6.d4 cxd4 7.Nxd4 Qc7 8.Be3 Be7
9.f4 O-O 10.Kh1 d6 11.Qh5 Bf6 12.Nf3 Bxc3 13.bxc3 Nce7 14.Bd3 f5 15.exf5 exf5
16.Rae1 Bd7 17.Bd4 Nxf4 18.Qg5 Neg6 19.Re7 Ne6 20.Re1 Nxd4 21.cxd4 Rae8 22.Rxe8 Bxe8
23.Bxf5 Bf7 24.h4 h6 25.Qg4 Ne7 26.Bd3 Nd5 27.Qf5 Nf6 28.a4 Bd5 29.Re3 Qf7  1/2-1/2

[Event "POL-chTJ"]
[Site "Rowy"]
[Date "1998.08.26"]
[Round "7"]
[White "Stefanek, Piotr"]
[Black "Jasik, Krzysztof"]
[Result "0-1"]
[WhiteElo "2215"]
[BlackElo "2220"]

1.e4 c5 2.Nf3 Nc6 3.Bb5 d6 4.O-O Bd7 5.Re1 a6 6.Bf1 Nf6 7.c3 Bg4 8.d3 g6
9.Be3 Bg7 10.Nbd2 O-O 11.h3 Bd7 12.Nh2 e5 13.f4 Bh6 14.g3 Nh5 15.Qf3 exf4
16.gxf4 Qf6 17.e5 dxe5 18.Ne4 Qh4 19.Nxc5 Bc8 20.fxe5 Nxe5 21.Qf2 Bxe3 22.Rxe3 Qg5+
23.Bg2 Nc4 24.dxc4 Qxc5 25.Ng4 Qxc4 26.Rae1 Be6 27.Re5 Qf4 28.Qh4 Bxg4 29.hxg4 Nf6
30.Re7 g5 31.Qf2 Qxf2+ 32.Kxf2 Nxg4+ 33.Kg3 Nf6 34.Rf1 Kg7 35.Rxb7 Rab8 36.b4 Kg6
37.Ra7 Rb6 38.a4 Rc8 39.Rc1 h5 40.a5 h4+ 41.Kh2 Re6 42.Bb7 Rc7 43.b5 axb5
44.a6 Ree7 45.Rb1 Rxc3 46.Ra8 Ra3 47.Kg1 Ra2 48.Rc8 h3 49.Rcc1 Re3 50.Rxb5 Rg3+
51.Kh1 Ng4  0-1

[Event "FRA-ch"]
[Site "Meribel"]
[Date "1998.08.28"]
[Round "15"]
[White "Fressinet, Laurent"]
[Black "Degraeve, Jean Marc"]
[Result "1/2-1/2"]
[WhiteElo "2455"]
[BlackElo "2580"]

1.e4 c5 2.Nf3 Nc6 3.Bb5 g6 4.O-O Bg7 5.c3 Nf6 6.e5 Nd5 7.d4 Nc7 8.Bxc6 dxc6
9.dxc5 Qxd1 10.Rxd1 Bg4 11.Re1 Bxf3 12.gxf3 Ne6 13.b4 O-O-O 14.Kg2 Rd5 15.f4 Rhd8
16.Be3 Rd1 17.Na3 Rxa1 18.Rxa1 Rd3 19.Rc1 Bh6 20.Kf3 Bxf4 21.Nc4 Bxh2 22.Ke4 Rd5
23.f4 h5 24.f5 gxf5+ 25.Kxf5 h4 26.Rf1 Bg3 27.Ke4 h3 28.Rh1 h2 29.Kf3 Rd3
30.Nb2 Rxe3+ 31.Kxe3 Bxe5 32.Nd3  1/2-1/2

[Event "Schwarzach opA"]
[Site "Schwarzach"]
[Date "1998.08.30"]
[Round "9"]
[White "Ivanov, Sergey"]
[Black "Hlavnicka, Jiri"]
[Result "1/2-1/2"]
[WhiteElo "2300"]
[BlackElo "2215"]

1.e4 c5 2.Nf3 Nc6 3.Bb5 e6 4.c3 d5 5.exd5 exd5 6.d4 Bd6 7.O-O Ne7 8.dxc5 Bxc5
9.Nbd2 O-O 10.Nb3 Bd6 11.Bg5 Qc7 12.Nbd4 Bg4 13.Bxe7 Nxe7 14.Qb3 Rfd8 15.Rfe1 Ng6
16.g3 Bc5 17.Bf1 a6 18.Bg2 Rab8 19.Rac1 b5 20.a3 Qb6 21.Rcd1 Nf8 22.h3 Bxf3
23.Bxf3 Ne6 24.Bxd5 Nxd4 25.cxd4 Bxd4 26.Re7 Bxf2+ 27.Kg2 Bd4 28.Rxf7 Kh8
29.Qf3 Bf6 30.h4 Rf8 31.Rxf8+ Rxf8 32.Rf1 Qd6 33.Qf5 g6  1/2-1/2

[Event "BCF-ch playoff"]
[Site "Torquay"]
[Date "1998.08.??"]
[Round "2"]
[White "Short, Nigel D"]
[Black "Sadler, Matthew"]
[Result "1-0"]
[WhiteElo "2660"]
[BlackElo "2650"]

1.e4 c5 2.Nf3 Nc6 3.Bb5 e6 4.c3 Nf6 5.e5 Nd5 6.Bxc6 bxc6 7.d3 Be7 8.c4 Nc7
9.Nc3 O-O 10.O-O f6 11.Ne4 Ne8 12.Be3 fxe5 13.Nxe5 Qc7 14.f4 d6 15.Nf3 Nf6
16.Qe2 Bd7 17.Bd2 Rae8 18.Rae1 Nxe4 19.dxe4 d5 20.Qd3 Bf6 21.b3 Rd8 22.Be3 Qa5
23.Qc2 Be8 24.cxd5 cxd5 25.Qxc5 Qxc5 26.Bxc5 dxe4 27.Ng5 Bxg5 28.Bxf8 Bh4
29.g3 Kxf8 30.gxh4 Bb5 31.Rd1 Bd3 32.Kf2 Rd5 33.Rg1 Rh5 34.Rg5 Rxh4 35.Kg3 Rh6
36.Rc1 e3 37.Rc8+ Kf7 38.Rc7+ Kf6 39.Rgxg7 Bg6 40.Rg8 e5 41.Rf8+ Ke6 42.f5+ Kd6
43.Rfc8 e2 44.Rc1 Rh3+ 45.Kg4 Bxf5+ 46.Kxf5 Rf3+ 47.Ke4 Rf1 48.R8c6+ Kd7
49.Rc7+ Kd8 50.Kd3 e1=Q 51.Rxe1 Rxe1 52.Rxh7 a6 53.Ra7 Rh1 54.Rxa6 Rxh2 55.Ra7 Rh4
56.Rb7 Kc8 57.Re7 Rh3+ 58.Kc4 Re3 59.Kd5 Re2 60.a4 Rb2 61.Kc4 Re2 62.a5 e4
63.b4 Kd8 64.Re5 Kc7 65.b5 Ra2 66.Kb4 Rb2+ 67.Kc5 Rc2+ 68.Kd5 Rd2+ 69.Kxe4 Ra2
70.b6+ Kc6 71.Re6+ Kd7 72.b7 Ra4+ 73.Kd3 Kc7 74.a6 Rb4 75.Re8  1-0

[Event "CRO-chT"]
[Site "Porec"]
[Date "1998.09.06"]
[Round "2"]
[White "Arapovic, Vitomir"]
[Black "Shariyazdanov, Andrey"]
[Result "0-1"]
[WhiteElo "2445"]
[BlackElo "2530"]

1.e4 c5 2.Nf3 Nc6 3.Bb5 e6 4.Bxc6 bxc6 5.O-O Ne7 6.Nc3 Ng6 7.d4 cxd4 8.Nxd4 Ba6
9.Re1 Qc7 10.Qh5 Qe5 11.Qd1 Be7 12.Nb3 Qc7 13.Qd4 O-O 14.Be3 Rfb8 15.Rad1 d6
16.Bc1 e5 17.Qe3 Bc8 18.Nd2 Bg4 19.f3 Be6 20.Nf1 Rd8 21.Na4 Rab8 22.b3 d5
23.Nc5 Bc8 24.Nd3 Ba6 25.Kh1 d4 26.Qf2 c5 27.f4 Bxd3 28.cxd3 exf4 29.Re2 Bd6
30.Nd2 Ne5 31.Nf3 Ng4 32.Qh4 Ne3 33.Bxe3 fxe3 34.Rc2 Qd7 35.Rf1 h6 36.Qh5 a5
37.g4 Qe6 38.Rc4 Bf8 39.g5 g6 40.Qh4 h5 41.Ng1 Qg4 42.Qxg4 hxg4 43.Ra4 Ra8
44.Rf4 Rdb8 45.Rxg4 Rb4 46.Rxb4 axb4 47.Rg2 c4 48.bxc4 Ra3 49.Nh3 Rxd3 50.Nf4 Rd1+
51.Rg1 Rd2 52.Rg2 Bd6  0-1

[Event "Karl Wagner mem 5th"]
[Site "Graz"]
[Date "1998.09.07"]
[Round "3.23"]
[White "Lampersberger, Erhard"]
[Black "Brod, Manfred"]
[Result "1/2-1/2"]
[WhiteElo "2090"]
[BlackElo "2260"]

1.e4 c5 2.Nf3 Nc6 3.Bb5 Qb6 4.Nc3 e6 5.O-O a6 6.Bxc6 Qxc6 7.d4 cxd4 8.Nxd4 Qc7
9.Re1 d6 10.f4 Be7 11.e5 Bd7 12.Qg4 g6 13.Ne4 dxe5 14.fxe5 Qxe5 15.Qd1 Qc7
16.Bg5 O-O-O 17.Qf3 Be8 18.Rad1 e5 19.Nb3 f6 20.Rxd8+ Bxd8 21.Bd2 Bc6 22.Ba5 b6
23.Bb4 f5 24.Nd6+ Qxd6 25.Bxd6 Bxf3 26.gxf3 Nh6 27.Bxe5 Re8 28.Bc3 Rxe1+
29.Bxe1 Bf6 30.c3 Nf7 31.Bf2 Kb7 32.Bd4 Bg5 33.Kf2 Kc6 34.Be3 Bh4+ 35.Ke2 b5
36.Nd4+ Kd5 37.b3 Nd6 38.Bf2 Bf6 39.Kd3 Be5 40.Bg3 Bf6 41.Bxd6 Kxd6 42.c4 bxc4+
43.Kxc4 h5 44.Ne2 h4 45.f4 g5  1/2-1/2

[Event "CRO-chT"]
[Site "Porec"]
[Date "1998.09.07"]
[Round "3"]
[White "Brnas, Augustin"]
[Black "Jukic, Branimir"]
[Result "1-0"]
[WhiteElo "2300"]
[BlackElo "2385"]

1.e4 c5 2.Nf3 Nc6 3.Bb5 g6 4.O-O Bg7 5.Re1 Nf6 6.Nc3 O-O 7.e5 Ne8 8.Bxc6 dxc6
9.h3 c4 10.b3 cxb3 11.axb3 Nc7 12.Ne4 b6 13.d4 Bb7 14.c4 Qd7 15.Be3 Ne6 16.Qd2 Rfd8
17.Rad1 Qc7 18.Qc1 a5 19.Neg5 a4 20.Nxe6 fxe6 21.Ng5 Qd7 22.bxa4 Rxa4 23.Qc2 b5
24.c5 Rda8 25.h4 h6 26.Nh3 Qe8 27.Nf4 Qf7 28.Nxg6 b4 29.Rb1 R8a5 30.h5 Ba6
31.Rb3 Ra2 32.Qe4 R5a4 33.Reb1 Bb5 34.Rxb4 Ra5 35.R4b3 Ra7 36.Qg4 Qf5 37.Qh4 Kf7
38.Rb4 Bd3 39.Rb7 Bf6 40.Nxe7 Rxb7 41.Rxb7  1-0